[Event "Banff op"]
[Site "Banff CAN"]
[Date "2023.11.12"]
[Round "5.9"]
[White "Aljo, Johan"]
[Black "Zhu, Brandon"]
[Result "1-0"]
[WhiteElo "2057"]
[BlackElo "2193"]
[PlyCount "131"]
[EventDate "2023.11.10"]
[EventType "swiss"]
[EventRounds "6"]
[EventCountry "CAN"]

1. d4 d5 2. c4 e6 3. Nf3 Nf6 4. g3 dxc4 5. Bg2 Nbd7 6. O-O Rb8 7. Qc2 b5 8. Rd1
Bb7 9. b3 cxb3 10. axb3 a6 11. Ne5 Bxg2 12. Kxg2 Rb6 13. e4 Nxe5 14. dxe5 Nd7
15. Be3 c5 16. Qd2 Qc7 17. f4 Rc6 18. Na3 Nb8 19. f5 Be7 20. Bg5 h6 21. Bf4 Qd8
22. Qe2 Qc8 23. Qg4 exf5 24. exf5 g5 25. Bc1 Qb7 26. Kf2 h5 27. Qe2 h4 28. g4
Nd7 29. Nc2 Rhh6 30. f6 Bf8 31. Bxg5 Rg6 32. Bxh4 Re6 33. Qd2 c4 34. b4 Rxg4
35. Bg3 Rg6 36. Qd5 Qxd5 37. Rxd5 Rxg3 38. Kxg3 Nxe5 39. Nd4 Nc6 40. Nxc6 Rxc6
41. Re1+ Re6 42. Rxe6+ fxe6 43. Rd1 Bxb4 44. Kf4 c3 45. Ke5 c2 46. Rc1 Kd7 47.
Rxc2 Bd6+ 48. Kd4 a5 49. h4 b4 50. Kc4 Ke8 51. h5 Bf4 52. Rf2 Bh6 53. f7+ Ke7
54. Kb5 b3 55. Kxa5 b2 56. Rxb2 Kxf7 57. Rg2 e5 58. Kb4 e4 59. Kc3 Bg7+ 60. Kd2
Bh6+ 61. Ke2 e3 62. Rg6 Bf4 63. Kf3 Be5 64. Kxe3 Bg7 65. Ke4 Kg8 66. h6 1-0

[Event "Banff op"]
[Site "Banff CAN"]
[Date "2023.11.12"]
[Round "5.10"]
[White "Bulga, Tamir"]
[Black "Dorn, Paris"]
[Result "0-1"]
[WhiteElo "1854"]
[BlackElo "2142"]
[PlyCount "86"]
[EventDate "2023.11.10"]
[EventType "swiss"]
[EventRounds "6"]
[EventCountry "CAN"]

1. Nf3 d5 2. b3 c5 3. Bb2 f6 4. d3 Nh6 5. Nbd2 e5 6. c4 d4 7. g3 Nc6 8. Bg2 Be7
9. O-O O-O 10. Qc2 Be6 11. a3 a5 12. e4 Rb8 13. h3 Qd7 14. Kh2 Kh8 15. Ng1 g5
16. Rae1 Rg8 17. f3 Nf7 18. Rb1 Kg7 19. Bc1 Nh8 20. Ne2 Ng6 21. Rf2 h5 22. Nf1
h4 23. g4 b5 24. Ng1 Rb6 25. Qa2 Rgb8 26. Rfb2 Qa7 27. Nd2 R8b7 28. cxb5 Rxb5
29. Nc4 a4 30. Bf1 Nf4 31. Be2 Na5 32. Bxf4 axb3 33. Qa1 exf4 34. Kg2 Qa6 35.
Rc1 Nxc4 36. dxc4 Ra5 37. Bd3 Rxa3 38. Qb1 Ra2 39. Ne2 Rxb2 40. Qxb2 Qa2 41.
Rb1 Qa4 42. Ra1 Qb4 43. Rc1 Ra7 0-1

[Event "Banff op"]
[Site "Banff CAN"]
[Date "2023.11.12"]
[Round "5.11"]
[White "Haessel, Dale"]
[Black "Montalti, Gianluca"]
[Result "1-0"]
[WhiteElo "2150"]
[BlackElo "1740"]
[Annotator ",hugh_brodie@hotmail."]
[PlyCount "84"]
[EventDate "2023.11.10"]
[EventType "swiss"]
[EventRounds "6"]
[EventCountry "CAN"]

1. d4 d5 2. c4 e6 3. Nc3 a6 4. cxd5 exd5 5. Nf3 c6 6. Bg5 Be7 7. Bxe7 Nxe7 8.
e3 O-O 9. a4 a5 10. Be2 Na6 11. O-O Nf5 12. Ne5 Nd6 13. Nd3 Qe7 14. Bf3 Bf5 15.
Re1 Ne4 16. Bg4 Bxg4 17. Qxg4 Qg5 18. Qd7 Rab8 19. Ne5 Nf6 20. Qe7 Qh5 21. Ne2
Rfe8 22. Qa3 Nb4 23. Rac1 Rxe5 24. dxe5 Ng4 25. h3 Nxe5 26. Ng3 Qg6 27. Re2 h5
28. Rd1 Re8 29. Qc3 h4 30. Nf1 b6 31. Nh2 Re6 32. Qd4 Qh5 33. f3 c5 34. Qd2 f5
35. b3 Rg6 36. Kh1 Re6 37. Qe1 Ned3 38. Qc3 Ne5 39. Red2 f4 40. Ng4 fxe3 41.
Qxe3 d4 42. Qe4 Re8 {White won in 61 moves.} 1-0

[Event "Banff op"]
[Site "Banff CAN"]
[Date "2023.11.12"]
[Round "5.12"]
[White "Zacharias, Nicholas"]
[Black "Wu, Nathan"]
[Result "1/2-1/2"]
[WhiteElo "1905"]
[BlackElo "2073"]
[PlyCount "82"]
[EventDate "2023.11.10"]
[EventType "swiss"]
[EventRounds "6"]
[EventCountry "CAN"]

1. e4 d5 2. Nc3 d4 3. Nce2 g6 4. Ng3 h5 5. h4 c5 6. Bc4 Nc6 7. Nf3 Bg4 8. a4
Bg7 9. d3 e5 10. Bd2 Nge7 11. Qb1 Bxf3 12. gxf3 Qd6 13. Ne2 O-O 14. Qa2 Nd8 15.
f4 Ne6 16. Bxe6 Qxe6 17. Qxe6 fxe6 18. fxe5 Bxe5 19. Bg5 Bf6 20. Rg1 Kh7 21.
Rg2 Ng8 22. Ng1 Nh6 23. f3 e5 24. Ke2 Bxg5 25. Rxg5 Nf7 26. Rg3 Nd8 27. Nh3 Ne6
28. Ng5+ Nxg5 29. Rxg5 Rae8 30. Rh1 Rf6 31. Rf1 Rf4 32. Rh1 Kh6 33. Rg3 Re6 34.
b3 Rc6 35. Rgh3 b6 36. Rg1 a6 37. Ra1 Re6 38. Kf2 Re7 39. Ke2 Rg7 40. Rah1 Rg8
41. R1h2 Rg7 1/2-1/2

[Event "Banff op"]
[Site "Banff CAN"]
[Date "2023.11.12"]
[Round "5.13"]
[White "Chen, Ryan"]
[Black "Darvekar, Yash"]
[Result "1-0"]
[WhiteElo "1973"]
[BlackElo "2001"]
[PlyCount "117"]
[EventDate "2023.11.10"]
[EventType "swiss"]
[EventRounds "6"]
[EventCountry "CAN"]

1. e4 c5 2. Nf3 d6 3. d4 cxd4 4. Nxd4 Nf6 5. Nc3 a6 6. Rg1 e5 7. Nb3 Be6 8. g4
d5 9. exd5 Nxd5 10. Nxd5 Qxd5 11. Qxd5 Bxd5 12. Be3 Nc6 13. c3 O-O-O 14. Nd2
Bd6 15. Bc4 Bc7 16. Bxd5 Rxd5 17. a4 e4 18. h3 Ne5 19. Ke2 Re8 20. Rad1 Ng6 21.
Nc4 Red8 22. a5 Rd3 23. Nd2 Re8 24. Nb3 Ne5 25. Nc5 Rdd8 26. Rxd8+ Rxd8 27. b4
Nf3 28. Rc1 h5 29. Nxe4 hxg4 30. hxg4 Ne5 31. g5 Re8 32. Rh1 Ng4 33. f3 f5 34.
gxf6 gxf6 35. fxg4 Rxe4 36. Kf3 Re7 37. Bd4 Be5 38. Re1 Kd7 39. Bxe5 fxe5 40.
Ke4 Kd6 41. Rd1+ Kc6 42. Rd5 Rg7 43. Rc5+ Kd6 44. Kf5 Rf7+ 45. Kg6 Rf4 46. g5
e4 47. Rc4 Ke5 48. Rc8 Kd5 49. Re8 Kc4 50. Kh5 Kd3 51. g6 Rf1 52. g7 Rh1+ 53.
Kg6 Rg1+ 54. Kf7 e3 55. g8=Q Rxg8 56. Kxg8 e2 57. c4 Kxc4 58. Rxe2 Kxb4 59. Re5
1-0

[Event "Banff op"]
[Site "Banff CAN"]
[Date "2023.11.12"]
[Round "5.14"]
[White "Bai, Jinghui"]
[Black "Xu, Joey"]
[Result "1-0"]
[WhiteElo "2002"]
[BlackElo "1800"]
[PlyCount "81"]
[EventDate "2023.11.10"]
[EventType "swiss"]
[EventRounds "6"]
[EventCountry "CAN"]

1. c4 e5 2. Nc3 Nf6 3. g3 d5 4. cxd5 Nxd5 5. Bg2 Nb6 6. e3 Nc6 7. Nge2 Be7 8.
O-O Be6 9. f4 f6 10. b3 O-O 11. f5 Bf7 12. Bb2 Qd7 13. Ne4 Rad8 14. g4 Nd5 15.
a3 a5 16. h4 Kh8 17. g5 g6 18. N2g3 gxf5 19. Nxf5 fxg5 20. d4 Bd6 21. Nfxd6
cxd6 22. dxe5 dxe5 23. Rc1 Qc7 24. Qe1 h6 25. hxg5 hxg5 26. Qg3 Rg8 27. Rxc6
bxc6 28. Bxe5+ Kh7 29. Qh3+ Kg6 30. Qf5+ Kh6 31. Bd4 Rdf8 32. Bc5 Qd8 33. Qh3+
Kg6 34. Nd6 Nf6 35. Rxf6+ Kxf6 36. Qf5+ Kg7 37. Bd4+ Kh6 38. Nxf7+ Rxf7 39.
Qh3+ Kg6 40. Be4+ Rf5 41. Bxf5+ 1-0

[Event "Banff op"]
[Site "Banff CAN"]
[Date "2023.11.12"]
[Round "5.15"]
[White "Pottinger, Carl"]
[Black "Nechio, Douglas"]
[Result "0-1"]
[WhiteElo "1743"]
[BlackElo "1848"]
[Annotator ",hugh_brodie@hotmail."]
[PlyCount "123"]
[EventDate "2023.11.10"]
[EventType "swiss"]
[EventRounds "6"]
[EventCountry "CAN"]

1. d4 Nf6 2. Nf3 d5 3. Bf4 c5 4. e3 Qb6 5. Nc3 cxd4 6. exd4 Bg4 7. Nb5 Na6 8.
c3 e6 9. a4 Be7 10. Be2 O-O 11. O-O Rfc8 12. h3 Bh5 13. Ne5 Bg6 14. a5 Qd8 15.
Bd3 Nb8 16. Nxg6 hxg6 17. Qe2 a6 18. Na3 Qxa5 19. Rfe1 Qd8 20. Nb1 Nc6 21. Nd2
Nh5 22. Bh2 Bd6 23. Qg4 Bxh2+ 24. Kxh2 Qd6+ 25. g3 e5 26. dxe5 Nxe5 27. Qd4 Re8
28. Be2 Nf6 29. Rad1 Rac8 30. Bf1 Nc6 31. Qd3 Qc5 32. Kg2 Ne4 33. Qe3 Qxe3 34.
Rxe3 Nxd2 35. Rxe8+ Rxe8 36. Rxd2 Rd8 37. Kf3 Kf8 38. Ke2 d4 39. c4 Nb4 40. Bg2
b6 41. b3 g5 42. Kf3 f5 43. Bf1 Kf7 44. g4 g6 45. Ke2 Kf6 46. Bg2 d3+ 47. Kd1
Ke5 48. Kc1 Kd4 49. Kb2 Re8 50. Bf3 Re1 51. gxf5 gxf5 52. Bh5 Rh1 53. Bg6 Ke4
54. Kc3 a5 55. Be8 Rxh3 56. c5 bxc5 57. Kc4 Rh8 58. Bg6 Rc8 59. Kb5 Rb8+ 60.
Ka4 Rg8 61. Bf7 Rd8 62. Kxa5 {Black won in 72 moves.} 0-1

[Event "Banff op"]
[Site "Banff CAN"]
[Date "2023.11.12"]
[Round "5.16"]
[White "Harms, Reece"]
[Black "Alpuri, Aaqil"]
[Result "1/2-1/2"]
[WhiteElo "1833"]
[BlackElo "1793"]
[PlyCount "64"]
[EventDate "2023.11.10"]
[EventType "swiss"]
[EventRounds "6"]
[EventCountry "CAN"]

1. e4 c5 2. Nc3 a6 3. d3 Nc6 4. f4 d6 5. Nf3 g6 6. g3 Bg7 7. Bg2 e6 8. O-O Nge7
9. a4 O-O 10. Bd2 Nd4 11. Rb1 Bd7 12. b4 Qc7 13. bxc5 Qxc5 14. Kh1 Nxf3 15.
Rxf3 Bxc3 16. Rxb7 Rfd8 17. d4 Bxd4 18. Bb4 Qc8 19. Rxd7 Qxd7 20. Qxd4 Nc6 21.
Qd2 Nxb4 22. Qxb4 Rab8 23. Qa5 Qc6 24. Rf1 Rb6 25. f5 e5 26. Qd2 Rdb8 27. Qh6
Rb1 28. f6 Rxf1+ 29. Bxf1 Qxe4+ 30. Kg1 Qd4+ 31. Kh1 Qe4+ 32. Kg1 Qd4+ 1/2-1/2

[Event "Banff op"]
[Site "Banff CAN"]
[Date "2023.11.12"]
[Round "5.17"]
[White "Burrows, Zachary"]
[Black "Koperski, Dustin"]
[Result "1-0"]
[WhiteElo "2156"]
[BlackElo "1827"]
[PlyCount "199"]
[EventDate "2023.11.10"]
[EventType "swiss"]
[EventRounds "6"]
[EventCountry "CAN"]

1. Nf3 g6 2. d4 d5 3. c4 c6 4. Nc3 Nf6 5. Bf4 Bg7 6. e3 O-O 7. Rc1 Bg4 8. Qb3
Qb6 9. Qxb6 axb6 10. Ne5 Be6 11. Be2 Nbd7 12. Nxd7 Bxd7 13. cxd5 Nxd5 14. Nxd5
cxd5 15. a3 Rac8 16. O-O Rc6 17. Bc7 b5 18. Ba5 Rfc8 19. Rxc6 bxc6 20. Bb4 e5
21. Bc5 exd4 22. exd4 Bf8 23. Bxf8 Kxf8 24. Bd3 c5 25. dxc5 Rxc5 26. Rd1 Ke7
27. Kf1 Ke6 28. Ke2 Rc8 29. Ke3 Rb8 30. Ra1 Ra8 31. Bc2 Rc8 32. Bd3 Ra8 33. b3
Ke5 34. f4+ Kd6 35. Kd4 Ra7 36. Be2 Ra8 37. Bf3 Bc6 38. Bd1 Bd7 39. a4 bxa4 40.
bxa4 Ra5 41. Rb1 Ra6 42. Rb4 Bc6 43. Bb3 f6 44. g4 g5 45. fxg5 fxg5 46. h3 Ra8
47. Rb6 Ra5 48. Bc2 Ra7 49. Rb2 Ra8 50. Ra2 Ra5 51. Bb3 Ke6 52. Re2+ Kd6 53.
Rf2 Ke6 54. Rh2 Kd6 55. h4 gxh4 56. Rxh4 Bxa4 57. Rh6+ Ke7 58. Bxd5 Bd1 59. g5
Bb3 60. Bxb3 Rxg5 61. Bd5 Rg4+ 62. Kc5 Rg5 63. Rxh7+ Kf6 64. Kd6 Kf5 65. Rf7+
Kg4 66. Rf1 Rg6+ 67. Be6+ Kh4 68. Ke5 Rg3 69. Kf4 Rg4+ 70. Ke5 Rb4 71. Rg1 Rb5+
72. Bd5 Rb4 73. Be4 Ra4 74. Kf4 Ra3 75. Rc1 Rb3 76. Rc5 Rb4 77. Rc8 Rb5 78. Bd3
Rb4+ 79. Bc4 Kh5 80. Rc6 Ra4 81. Rc5+ Kg6 82. Ke5 Kg5 83. Bd5 Kg4 84. Rc8 Kg3
85. Rc3+ Kf2 86. Be4 Ra5+ 87. Kf4 Ra7 88. Rc2+ Ke1 89. Ke3 Rd7 90. Rh2 Rf7 91.
Re2+ Kf1 92. Ra2 Kg1 93. Bd3 Re7+ 94. Kf3 Re1 95. Be2 Rc1 96. Kg3 Rc3+ 97. Bf3
Rc1 98. Rg2+ Kf1 99. Rf2+ Kg1 100. Rh2 1-0

[Event "Banff op"]
[Site "Banff CAN"]
[Date "2023.11.12"]
[Round "5.18"]
[White "Jackson, Mateo"]
[Black "Wu, Nicholas"]
[Result "0-1"]
[WhiteElo "1774"]
[BlackElo "1710"]
[PlyCount "62"]
[EventDate "2023.11.10"]
[EventType "swiss"]
[EventRounds "6"]
[EventCountry "CAN"]

1. e4 d5 2. exd5 Qxd5 3. Nf3 Bg4 4. Be2 Nc6 5. O-O O-O-O 6. h3 Bxf3 7. Bxf3 Qd7
8. c3 e5 9. Qc2 Re8 10. d3 f5 11. b4 Nf6 12. Nd2 h6 13. Bxc6 Qxc6 14. Nc4 Bd6
15. a4 g5 16. b5 Qd7 17. Nxd6+ Qxd6 18. Ba3 Qe6 19. c4 Rhg8 20. Rae1 g4 21. h4
g3 22. Bb2 Nd7 23. fxg3 Rxg3 24. Rf3 Rg4 25. Ref1 f4 26. Qc1 Reg8 27. R1f2 Qg6
28. Qd2 Rxh4 29. d4 Qh5 30. Rf1 Rh1+ 31. Kf2 Rxg2+ 0-1

[Event "Banff op"]
[Site "Banff CAN"]
[Date "2023.11.12"]
[Round "5.20"]
[White "Pivovarov, Juraj"]
[Black "Bresler, Joshua"]
[Result "1/2-1/2"]
[WhiteElo "1903"]
[BlackElo "1609"]
[PlyCount "42"]
[EventDate "2023.11.10"]
[EventType "swiss"]
[EventRounds "6"]
[EventCountry "CAN"]

1. e4 c5 2. Nf3 d6 3. d4 cxd4 4. Nxd4 Nf6 5. Nc3 a6 6. Be3 b5 7. a3 Bb7 8. f3
e6 9. Be2 Nbd7 10. Qd2 Be7 11. g4 Ne5 12. g5 Nfd7 13. Rg1 Nb6 14. b3 Qc7 15. f4
Ned7 16. Bd3 Rc8 17. Nce2 Nc5 18. Ng3 g6 19. Ke2 e5 20. Nf3 f6 21. gxf6 exf4
1/2-1/2

[Event "Banff op"]
[Site "Banff CAN"]
[Date "2023.11.12"]
[Round "6.2"]
[White "Chandra, Anand Rishi"]
[Black "Jiang, Brian"]
[Result "1-0"]
[WhiteElo "2283"]
[BlackElo "2233"]
[PlyCount "101"]
[EventDate "2023.11.10"]
[EventType "swiss"]
[EventRounds "6"]
[EventCountry "CAN"]

1. e4 c5 2. Nf3 Nc6 3. Bb5 e6 4. O-O Nge7 5. Re1 Nd4 6. Bf1 Nec6 7. c3 Nxf3+ 8.
Qxf3 Bd6 9. d3 Qc7 10. h3 O-O 11. Na3 a6 12. Nc4 Be7 13. Bf4 e5 14. Bh2 d6 15.
Ne3 Bg5 16. Nd5 Qd8 17. Qe2 Ne7 18. Nxe7+ Qxe7 19. g3 Qf6 20. Bg2 Qh6 21. h4
Bf6 22. Rf1 Be6 23. h5 g6 24. hxg6 hxg6 25. f4 Kg7 26. g4 Rh8 27. Bg3 exf4 28.
Bxf4 Bg5 29. Bxd6 Be3+ 30. Rf2 f6 31. Be7 Qf4 32. Bxf6+ Kf7 33. Bxh8 Bxf2+ 34.
Qxf2 Qxf2+ 35. Kxf2 Rxh8 36. Kg3 Rd8 37. Bf1 Kf6 38. Be2 Ke5 39. b3 b5 40. Rd1
g5 41. Rh1 b4 42. cxb4 cxb4 43. Rh6 a5 44. Rg6 a4 45. Kf3 axb3 46. axb3 Bf7 47.
Rb6 Kd4 48. Rxb4+ Kc3 49. Rb5 Bxb3 50. Ke3 Rh8 51. Rc5+ 1-0

[Event "Banff op"]
[Site "Banff CAN"]
[Date "2023.11.12"]
[Round "6.4"]
[White "Huh, Isaak"]
[Black "Leong, Aiden"]
[Result "1/2-1/2"]
[WhiteElo "2219"]
[BlackElo "2079"]
[PlyCount "90"]
[EventDate "2023.11.10"]
[EventType "swiss"]
[EventRounds "6"]
[EventCountry "CAN"]

1. e4 c6 2. d4 d5 3. exd5 cxd5 4. c4 Nf6 5. Nc3 e6 6. Nf3 Bb4 7. Bd3 O-O 8. O-O
dxc4 9. Bxc4 b6 10. Bg5 Bb7 11. Rc1 Bxc3 12. bxc3 Nc6 13. Qe2 Rc8 14. Ne5 Nxe5
15. dxe5 Qc7 16. Bd3 Qc6 17. f3 Nd7 18. Be7 Rfe8 19. Bb5 Qc7 20. Bd6 Qd8 21.
Rfd1 a6 22. Bxa6 Bxa6 23. Qxa6 Qg5 24. Qe2 Rc6 25. Qe1 Rec8 26. Rd4 h5 27. f4
Qf5 28. Qd2 Kh7 29. Bb4 Nc5 30. c4 b5 31. cxb5 Nb3 32. bxc6 Nxd2 33. Bxd2 Rc7
34. Ba5 Rxc6 35. Rxc6 Qb1+ 36. Kf2 Qb5 37. Rc2 Qxa5 38. a4 Kg6 39. Rdc4 Qb6+
40. Rc5 Qb4 41. R2c4 Qd2+ 42. Kf1 Qd1+ 43. Kf2 Qd2+ 44. Kf1 Qd1+ 45. Kf2 Qd2+
1/2-1/2

[Event "Banff op"]
[Site "Banff CAN"]
[Date "2023.11.12"]
[Round "6.5"]
[White "Dorn, Paris"]
[Black "Ginsburg, Mark"]
[Result "0-1"]
[WhiteElo "2142"]
[BlackElo "2374"]
[PlyCount "72"]
[EventDate "2023.11.10"]
[EventType "swiss"]
[EventRounds "6"]
[EventCountry "CAN"]

1. e4 c5 2. d4 cxd4 3. c3 dxc3 4. Nxc3 Nc6 5. Nf3 d6 6. Bc4 a6 7. O-O Nf6 8. b4
e6 9. Qe2 Ne5 10. Nxe5 dxe5 11. Rd1 Bd7 12. b5 Bc5 13. bxa6 bxa6 14. Bd2 O-O
15. Bxa6 Bxf2+ 16. Qxf2 Rxa6 17. Bg5 Rc6 18. Rd3 h6 19. Bxf6 Qxf6 20. Qxf6 gxf6
21. Rxd7 Rxc3 22. a4 Rfc8 23. a5 Rc1+ 24. Rxc1 Rxc1+ 25. Kf2 Ra1 26. Rd8+ Kg7
27. Ra8 f5 28. exf5 exf5 29. a6 h5 30. a7 Kf6 31. Kf3 Ra3+ 32. Kf2 f4 33. Ke2
Kf5 34. Kd2 h4 35. Kc2 h3 36. gxh3 f3 0-1

[Event "Banff op"]
[Site "Banff CAN"]
[Date "2023.11.12"]
[Round "6.6"]
[White "Boehmer, Kris"]
[Black "Findlay, Ian"]
[Result "1/2-1/2"]
[WhiteElo "2053"]
[BlackElo "2266"]
[PlyCount "55"]
[EventDate "2023.11.10"]
[EventType "swiss"]
[EventRounds "6"]
[EventCountry "CAN"]

1. d4 Nf6 2. c4 c5 3. d5 e6 4. Nc3 exd5 5. cxd5 d6 6. Nf3 g6 7. g3 Bg7 8. Bg2
O-O 9. O-O Nbd7 10. Bf4 Qe7 11. a4 Ng4 12. Bg5 f6 13. Bd2 Nde5 14. Re1 f5 15.
h3 Nf6 16. Ng5 h6 17. Ne6 Bxe6 18. dxe6 Qxe6 19. f4 Nc6 20. e4 fxe4 21. Nxe4
Nxe4 22. Rxe4 Qf7 23. Bc3 Nd4 24. Qd3 Rae8 25. Bxd4 Bxd4+ 26. Rxd4 cxd4 27. Bd5
Qxd5 28. Qxg6+ 1/2-1/2

[Event "Banff op"]
[Site "Banff CAN"]
[Date "2023.11.12"]
[Round "6.7"]
[White "Suominen, David"]
[Black "Malek, Omid"]
[Result "0-1"]
[WhiteElo "1975"]
[BlackElo "2252"]
[PlyCount "72"]
[EventDate "2023.11.10"]
[EventType "swiss"]
[EventRounds "6"]
[EventCountry "CAN"]

1. Nf3 f5 2. d3 d5 3. c4 e6 4. g3 Nf6 5. Bg2 Be7 6. O-O O-O 7. cxd5 exd5 8. d4
c6 9. a3 a5 10. Nc3 Ne4 11. Ne5 Nd7 12. Nxd7 Qxd7 13. Qc2 Bd6 14. Na4 Qc7 15.
e3 Be6 16. Bd2 g5 17. f3 Nxd2 18. Qxd2 f4 19. gxf4 gxf4 20. e4 Kh8 21. e5 Be7
22. Kh1 Rg8 23. b4 b6 24. Nb2 Qd7 25. Nd3 Raf8 26. Rfc1 axb4 27. axb4 Bd8 28.
Qc2 Bf5 29. Qe2 Be6 30. Qc2 Rg6 31. Ra2 Qg7 32. Qd2 Qh6 33. Rxc6 Bh4 34. Rc7
Bg3 35. Bf1 Rfg8 36. Raa7 Be1 0-1

[Event "Banff op"]
[Site "Banff CAN"]
[Date "2023.11.12"]
[Round "6.8"]
[White "Wu, Jonathan"]
[Black "Chen, Ryan"]
[Result "1-0"]
[WhiteElo "2151"]
[BlackElo "1973"]
[PlyCount "87"]
[EventDate "2023.11.10"]
[EventType "swiss"]
[EventRounds "6"]
[EventCountry "CAN"]

1. e4 e5 2. Nf3 Nc6 3. Bb5 Nf6 4. d3 Bc5 5. Bxc6 dxc6 6. O-O Bg4 7. h3 Bh5 8.
Nbd2 Nd7 9. c3 f6 10. Nc4 Qe7 11. Be3 Bxe3 12. fxe3 O-O-O 13. Qc2 Bf7 14. Ncd2
h5 15. Nh4 g6 16. g3 Be6 17. Kh2 Rhg8 18. d4 f5 19. exf5 gxf5 20. Nxf5 Qg5 21.
Rf3 exd4 22. cxd4 Ne5 23. Rf4 Ng6 24. Nf3 Bxf5 25. Qxf5+ Qxf5 26. Rxf5 Rge8 27.
Re1 Rd5 28. g4 hxg4 29. hxg4 Re4 30. Kg3 Kd7 31. Rf6 Rd6 32. Rf7+ Kd8 33. Nd2
Re8 34. Nf3 Re4 35. Rf5 Rd5 36. Kf2 Rxg4 37. Rf7 Re4 38. Rg1 Rd6 39. Ne5 Rxe5
40. dxe5 Re6 41. Rf6 Rxf6+ 42. exf6 Ne5 43. Rg7 Nd7 44. Rg8+ 1-0

[Event "Banff op"]
[Site "Banff CAN"]
[Date "2023.11.12"]
[Round "6.9"]
[White "Booker, Brad"]
[Black "Haessel, Dale"]
[Result "1/2-1/2"]
[WhiteElo "2101"]
[BlackElo "2150"]
[PlyCount "54"]
[EventDate "2023.11.10"]
[EventType "swiss"]
[EventRounds "6"]
[EventCountry "CAN"]

1. e4 e5 2. Nf3 Nc6 3. Bb5 Nf6 4. d3 d6 5. O-O g6 6. c3 Bg7 7. Re1 a6 8. Bxc6+
bxc6 9. d4 Nd7 10. Nbd2 O-O 11. Nc4 exd4 12. cxd4 c5 13. Bg5 Qe8 14. e5 d5 15.
Nd6 Qe6 16. dxc5 Nxc5 17. Nd4 Qd7 18. Nxc8 Raxc8 19. b4 Ne6 20. Bh4 Rb8 21. a3
a5 22. Qd2 Qa4 23. Nxe6 fxe6 24. Be7 Rf5 25. Qd4 Qd7 26. Bc5 a4 27. Rac1 Qf7
1/2-1/2

[Event "Banff op"]
[Site "Banff CAN"]
[Date "2023.11.12"]
[Round "6.10"]
[White "Soberov, Emil"]
[Black "Bulga, Tamir"]
[Result "1-0"]
[WhiteElo "2369"]
[BlackElo "1854"]
[PlyCount "91"]
[EventDate "2023.11.10"]
[EventType "swiss"]
[EventRounds "6"]
[EventCountry "CAN"]

1. e4 c5 2. b3 Nc6 3. Bb2 e6 4. Nf3 a6 5. Be2 Nge7 6. d4 d5 7. exd5 Nxd5 8. Qd2
Bd6 9. dxc5 Bf4 10. Qd1 Qa5+ 11. Nbd2 Nc3 12. Bxc3 Qxc3 13. O-O Qxc5 14. Ne4
Qb4 15. Bd3 O-O 16. c3 Qe7 17. Ng3 Bd7 18. Nh5 Bh6 19. Re1 Rfd8 20. Ng3 g6 21.
Qe2 Rac8 22. b4 f5 23. Bc4 Bg7 24. Rac1 Re8 25. Qe3 Kh8 26. Nd2 Qh4 27. Ngf1 b5
28. Be2 e5 29. Nf3 Qf6 30. Qg5 Qe6 31. Qh4 h6 32. Bd1 Qxa2 33. N3d2 Qf7 34. Nb3
e4 35. Nc5 Ne5 36. Bb3 Qf8 37. f4 Rxc5 38. bxc5 Nd3 39. Rcd1 Nxe1 40. Rxd7
Qxc5+ 41. Kh1 Nd3 42. h3 Qc6 43. Rd8 Rf8 44. Qe7 Qc5 45. Rxf8+ Bxf8 46. Qf7 1-0

[Event "Banff op"]
[Site "Banff CAN"]
[Date "2023.11.12"]
[Round "6.11"]
[White "Zhu, Brandon"]
[Black "Bai, Jinghui"]
[Result "0-1"]
[WhiteElo "2193"]
[BlackElo "2002"]
[PlyCount "148"]
[EventDate "2023.11.10"]
[EventType "swiss"]
[EventRounds "6"]
[EventCountry "CAN"]

1. d4 Nf6 2. c4 e6 3. Nf3 b6 4. g3 Bb7 5. Bg2 Be7 6. O-O O-O 7. Nc3 Bb4 8. a3
Bxc3 9. bxc3 d6 10. Bg5 h6 11. Bxf6 Qxf6 12. Re1 Nd7 13. e4 e5 14. Qa4 Qe7 15.
Nh4 g6 16. Nf3 a5 17. h4 Nf6 18. Nd2 Qd7 19. Qb3 Bc6 20. a4 Rfe8 21. d5 Bb7 22.
c5 dxc5 23. Nf1 Re7 24. Ne3 Ne8 25. h5 Nd6 26. hxg6 fxg6 27. Bf3 Qe8 28. Kg2
Qf7 29. Ng4 Kg7 30. c4 Ba6 31. Rac1 Rf8 32. Nh2 h5 33. Re2 Qe8 34. Kg1 Ref7 35.
Bg2 Bc8 36. Qb2 Kh7 37. f4 exf4 38. e5 Nf5 39. e6 Nxg3 40. Re5 Rf5 41. Nf3 Qe7
42. Bh3 Rxe5 43. Qxe5 Ba6 44. Re1 Kh6 45. Qc3 g5 46. Ne5 g4 47. Nf7+ Kh7 48.
Qe5 Rxf7 49. exf7 Qxe5 50. Rxe5 Kg7 51. Bf1 Nxf1 52. Rf5 Kf8 53. Kxf1 Bxc4+ 54.
Kf2 Bb3 55. Rxh5 Kxf7 56. Rf5+ Ke7 57. Rxf4 Kd6 58. Rxg4 Kxd5 59. Rg5+ Kc4 60.
Rg7 Bxa4 61. Rxc7 b5 62. Ke2 b4 63. Kd2 Bb5 64. Kc2 a4 65. Kb2 a3+ 66. Ka2 Ba4
67. Rg7 Bc6 68. Rg4+ Kc3 69. Rg3+ Kc2 70. Rg5 c4 71. Rg6 c3 72. Rxc6 b3+ 73.
Kxa3 b2 74. Rxc3+ Kxc3 0-1

[Event "Banff op"]
[Site "Banff CAN"]
[Date "2023.11.12"]
[Round "6.12"]
[White "Wu, Nathan"]
[Black "Burrows, Zachary"]
[Result "1-0"]
[WhiteElo "2073"]
[BlackElo "2156"]
[PlyCount "48"]
[EventDate "2023.11.10"]
[EventType "swiss"]
[EventRounds "6"]
[EventCountry "CAN"]

1. d4 Nf6 2. Bf4 c5 3. d5 g6 4. Nc3 Qb6 5. e4 Qxb2 6. Bd2 Nxe4 7. Nxe4 Qe5 8.
Bd3 Qxd5 9. Bc3 Rg8 10. Qe2 Kd8 11. Bc4 Qc6 12. Bxf7 Rg7 13. Bxg7 Bxg7 14. Rd1
Qa4 15. Nf3 b6 16. Bd5 Nc6 17. O-O Kc7 18. Rfe1 Bb7 19. Qd2 d6 20. Neg5 Bf6 21.
Nxh7 Qg4 22. Nxf6 exf6 23. Bxc6 Bxc6 24. Qxd6+ Kb7 1-0

[Event "Banff op"]
[Site "Banff CAN"]
[Date "2023.11.12"]
[Round "6.13"]
[White "Nechio, Douglas"]
[Black "Zacharias, Nicholas"]
[Result "1/2-1/2"]
[WhiteElo "1838"]
[BlackElo "1905"]
[PlyCount "120"]
[EventDate "2023.11.10"]
[EventType "swiss"]
[EventRounds "6"]
[EventCountry "CAN"]

1. Nf3 d6 2. d4 Bg4 3. e3 Nf6 4. Be2 e6 5. b3 Be7 6. O-O c6 7. Bb2 Nbd7 8. c4
Qc7 9. Nc3 Nb6 10. Rc1 a5 11. d5 e5 12. dxc6 bxc6 13. h3 Bh5 14. Nb1 Nbd7 15.
Nh4 Bg6 16. Nxg6 hxg6 17. Ba3 Nf8 18. Qc2 Ne6 19. Nc3 Nd7 20. Na4 f5 21. Rfd1
Nf6 22. Bf1 Kf7 23. Rd3 e4 24. Rd2 Ng4 25. g3 Ne5 26. Bg2 Ng5 27. Rdd1 Nxh3+
28. Bxh3 Rxh3 29. Kg2 Rah8 30. Rh1 Rxh1 31. Rxh1 Rxh1 32. Kxh1 Qd8 33. Kg2 Nf3
34. Qd1 Qh8 35. Qh1 Qh5 36. Qxh5 gxh5 37. Nc3 Ne1+ 38. Kf1 Nd3 39. Ke2 Bf6 40.
Nd1 Ke6 41. f3 g5 42. Nf2 Nxf2 43. Kxf2 exf3 44. Kxf3 d5 45. Bc5 Bc3 46. Bb6 h4
47. gxh4 gxh4 48. Bd8 h3 49. Kg3 Ke5 50. cxd5 cxd5 51. Kxh3 Ke4 52. Bb6 f4 53.
exf4 Kxf4 54. Kg2 Ke4 55. a3 d4 56. Kf2 Kd3 57. b4 Bxb4 58. axb4 a4 59. b5 a3
60. Bxd4 Kxd4 1/2-1/2

[Event "Banff op"]
[Site "Banff CAN"]
[Date "2023.11.12"]
[Round "6.14"]
[White "Darvekar, Yash"]
[Black "Yu, Ryan Bole"]
[Result "1/2-1/2"]
[WhiteElo "2001"]
[BlackElo "1727"]
[PlyCount "61"]
[EventDate "2023.11.10"]
[EventType "swiss"]
[EventRounds "6"]
[EventCountry "CAN"]

1. e4 c6 2. d4 d5 3. Nc3 dxe4 4. Nxe4 Bf5 5. Ng3 Bg6 6. h4 h6 7. Nf3 Nd7 8. h5
Bh7 9. Bd3 Bxd3 10. Qxd3 Ngf6 11. Bd2 e6 12. O-O-O Be7 13. Kb1 Qc7 14. Ne4 Nxe4
15. Qxe4 Nf6 16. Qe2 a5 17. Ne5 a4 18. a3 Qb6 19. Ka1 Bd6 20. Be3 Qa5 21. g4
Nd5 22. f4 Bxa3 23. bxa3 Qc3+ 24. Kb1 Qxe3 25. Qxe3 Nxe3 26. Rd3 Nd5 27. Rf3
Nf6 28. c3 Nd7 29. Nd3 Nb6 30. Ne5 Nd5 31. Re1 1/2-1/2